Click North American Countries By Their Current Leader On A Map - Statistics

General Stats
  • This quiz has been taken 21 times
  • The average score is 9 of 23
Answers on the Map
Answers color-coded by a green-red scale on the quiz's map according to % correct below.
 
Answer Stats
Answer % Correct
Donald Trump
100%
Mark Carney
88%
Claudia Sheinbaum
75%
Nayib Bukele
56%
José Daniel Ortega Saavedra
50%
Bernardo Arévalo
44%
Iris Xiomara Castro Sarmiento
44%
Miguel Díaz-Canel Bermúdez
44%
Transitional Presidential Council
44%
John Briceño
38%
Luis Abinader
38%
Terrance Drew
38%
Dame Sandra Prunella Mason
31%
José Raúl Mulino
31%
Rodrigo Alberto de Jesús Chaves Robles
31%
Roosevelt Skerrit
31%
Andrew Holness
25%
Philip Edward “Brave” Davis
25%
Philip Joseph Pierre
25%
Ralph Everard Gonsalves
25%
Christine Kangaloo
19%
Dickon Amiss Thomas Mitchell
19%
Gaston Browne
19%
No matching quizzes found
Score Distribution
Percent of People with Each Score
Percentile by Number Answered
Your Score History
You have not taken this quiz